| 000 | 00514nam a22001937a 4500 | ||
|---|---|---|---|
| 003 | OSt | ||
| 005 | 20241024123205.0 | ||
| 008 | 241024b |||||||| |||| 00| 0 eng d | ||
| 040 | _cMRSPTU | ||
| 041 | _aENG | ||
| 082 |
_a632.7 _bSI-F |
||
| 100 | _aSingh, Sandeep | ||
| 245 | _aFriends of the Fruit Growers - Predators, Parasitoids and pathogens of Insect Pests of Fruit Crops of Punjab | ||
| 250 | _a1st Ed. | ||
| 260 |
_aLudhiana _bPAU _c2017 |
||
| 300 | _a53 | ||
| 650 | _aAgriculture | ||
| 942 |
_2ddc _cBK _n0 |
||
| 999 |
_c10367 _d10367 |
||